<?xml version="1.0" encoding="UTF-8"?><?xml-stylesheet type="text/xsl" href="static/style.xsl"?><OAI-PMH xmlns="http://www.openarchives.org/OAI/2.0/" xmlns:xsi="http://www.w3.org/2001/XMLSchema-instance" xsi:schemaLocation="http://www.openarchives.org/OAI/2.0/ http://www.openarchives.org/OAI/2.0/OAI-PMH.xsd"><responseDate>2026-06-02T15:23:42Z</responseDate><request verb="GetRecord" identifier="oai:riuma.uma.es:10630/18167" metadataPrefix="marc">https://riuma.uma.es/rest/oai/request</request><GetRecord><record><header><identifier>oai:riuma.uma.es:10630/18167</identifier><datestamp>2026-02-03T11:04:25Z</datestamp><setSpec>com_10630_2254</setSpec><setSpec>col_10630_37953</setSpec></header><metadata><record xmlns="http://www.loc.gov/MARC21/slim" xmlns:dcterms="http://purl.org/dc/terms/" xmlns:doc="http://www.lyncode.com/xoai" xmlns:xsi="http://www.w3.org/2001/XMLSchema-instance" xsi:schemaLocation="http://www.loc.gov/MARC21/slim http://www.loc.gov/standards/marcxml/schema/MARC21slim.xsd">
   <leader>00925njm 22002777a 4500</leader>
   <datafield ind2=" " ind1=" " tag="042">
      <subfield code="a">dc</subfield>
   </datafield>
   <datafield ind2=" " ind1=" " tag="720">
      <subfield code="a">González-Navarro, Sonia</subfield>
      <subfield code="e">author</subfield>
   </datafield>
   <datafield ind2=" " ind1=" " tag="720">
      <subfield code="a">Hormigo-Aguilar, Javier</subfield>
      <subfield code="e">author</subfield>
   </datafield>
   <datafield ind2=" " ind1=" " tag="260">
      <subfield code="c">2019</subfield>
   </datafield>
   <datafield ind2=" " ind1=" " tag="520">
      <subfield code="a">Compulsory normalization of the represented numbers is a key requirement of the floating-point standard. This requirement&#xd;
contributes to fundamental characteristics of the standard, such as taking the most of the precision available, reproducibility and facilitation of comparison and other operations. However, it also imposes a high restriction in effectiveness of basic arithmetic operation implementation. In many embedded applications may be worth to sacrifice the benefits of normalization for gaining in implementation metrics. This paper analyzes and measures the effect of removing the normalization requirement in terms of precision and implementation savings for embedded applications. We propose several adder and multiplier architectures to deal with non-normalized floating-point numbers, and quantify the accuracy loss and the improvements in hardware implementation. Our experiments show that it is possible to reduce the area and power consumption up to 78% in ASIC and 50% in FPGA implementations with a reasonable accuracy loss.</subfield>
   </datafield>
   <datafield ind1="8" ind2=" " tag="024">
      <subfield code="a">Sonia González-Navarro and Javier Hormigo, New Results on Non-normalized Floating-pointFormats, IEEE Trans. on Computers, 2019</subfield>
   </datafield>
   <datafield ind1="8" ind2=" " tag="024">
      <subfield code="a">https://hdl.handle.net/10630/18167</subfield>
   </datafield>
   <datafield ind1="8" ind2=" " tag="024">
      <subfield code="a">http://dx.doi.org/10.1109/TC.2019.2929039</subfield>
   </datafield>
   <datafield ind2="0" ind1="0" tag="245">
      <subfield code="a">New Results on Non-normalized Floating-point Formats</subfield>
   </datafield>
</record>
</metadata></record></GetRecord></OAI-PMH>